000 00330nam a2200133Ia 4500
008 240624s9999 xx 000 0 und d
041 _aeng
082 _a658.81 MAL
100 _aMALLIK PRADIP KUMAR
245 _aSALES MANAGEMENT
260 _c2014
_aNew Delhi
_bOxford
300 _axvi, : 492 : p. : cm. ; 26
365 _cRS
_b31
999 _c24950
_d24950